MDQL
is popping MORE tags! Check the
thread
!
Quizzes
Events
Quiz Creation
Community
Videos
Private Events
Remove Ads
Sign In
Join for FREE
Feedback
Dark Mode
Quiz Categories
Sports
Geography
Music
Movies
Television
Just For Fun
Miscellaneous
History
Literature
Language
Science
Gaming
Entertainment
Religion
Holiday
For Kids
Quiz Lab
Recent
Popular Today
Quiz Kudos Today
Editor Picks
Curator Picks
Quizzes by...
Day
Popularity
Type
Ratings
Length
Year
Community
Subscriptions
Recent Discussions
Orange Saloon
Badges
Playlists
Quests
Create
Leaderboards
Showdown
Live 5
Trivia Bingo
Activity
Puzzle Library
Sporcle Events
Private Events
Virtual Trivia
Globe League
Become a Host
Pub Owners
SporcleCon
Opinionation
Our Games
Videos
Blog
Mobile Apps
Partnerships
Remove Ads and Go Orange
Feedback
Miscellaneous
Crossword
General Knowledge
Baby Names
Logo
Food
Cars
Numbers
Grab Bag
University
College
Popular
Company
Slogans
Restaurants
Justice
Letter
Miscellaneous
Crossword
General Knowledge
Baby Names
Logo
Food
Cars
Numbers
Grab Bag
University
College
Popular
Company
Slogans
Restaurants
Justice
Letter
Random Quiz
Search Sporcle
×
Quiz Lab
Quiz Lab
Miscellaneous
Disneyland
Type in answers that appear in a list
Type in answers that appear in a list
Classic
Best Score? Go Orange.
Disneyland Paris Restaurants Stats
Can you name the Disneyland Paris Restaurants?
By
geoffDlp
6m
63 Questions
235 Plays
235 Plays
235 Plays
Comments
Comments
Give Quiz Kudos
Give Quiz Kudos
-
- Ratings
hide this ad
More Info
Replay
Link that replays current quiz
Next Quiz
Link to next quiz in quiz playlist
You Got
0%
They Got
Avg Score
38%
Avg Friend Score
Upgrade to see
Score Distribution
Jump to the score distribution portion of the page
Score
0/63
Timer
06:00
0
Plays Today
Hint
Answer
% Correct
Disney Village
Rainforest Cafe
79.6%
Main Street USA
Walt's - An American Restaurant
77%
Adventureland
Restaurant Agrabah Café
75.3%
Discoveryland
Buzz Lightyear's Pizza Planet
74.9%
Main Street USA
Casey's Corner
73.2%
Disney Village
McDonald's
66%
Fantasyland
Toad Hall Restaurant
64.3%
Disney Village
Annette's Diner
64.3%
Disney Village
Planet Hollywood
62.1%
Adventureland
Restaurant Hakuna Matata
61.7%
Frontierland
Silver Spur Steakhouse
59.6%
Frontierland
The Lucky Nugget Saloon
59.1%
Adventureland
Blue Lagoon Restaurant
58.3%
Main Street USA
Plaza Gardens
51.9%
Disney Village
Earl of Sandwich
51.5%
Disney Village
Buffalo Bill's Wild West Show
51.1%
Frontierland
Cowboy Cookout Barbecue
50.6%
Main Street USA
Victoria's Home-Style Restaurant
49.8%
Adventureland
Colonel Hathi's Pizza Outpost
49.8%
Fantasyland
Auberge de Cendrillon
49.4%
Disneyland Hotel
Inventions
48.5%
Fantasyland
Pizzeria Bella Notte
46.8%
Discoveryland
Café Hyperion
46.4%
Disney Village
Starbucks Coffee
46.4%
Disney's Hotel New York
Manhattan Restaurant
44.7%
Disney Village
The Steakhouse
43%
Disney Village
Café Mickey
41.3%
Disney Village
King Ludwig's Castle
40.4%
Disney's Sequoia Lodge
Hunter's Grill and Beaver Creek Tavern
39.6%
Main Street USA
Cable Car Bake Shop
37.9%
Disney Village
Billy Bob's Country Western Saloon
37.4%
Disneyland Hotel
Café Fantasia
37%
Hint
Answer
% Correct
Frontierland
Fuente del Oro Restaurante
35.3%
Frontierland
Last Chance Café
33.6%
Disney's Newport Bay Club
Cape Cod
33.2%
Disney Village
Sports Bar
32.3%
Main Street USA
Market House Deli
31.9%
Fantasyland
Fantasia Gelati
31.1%
Fantasyland
Au Chalet de la Marionnette
30.2%
Main Street USA
The Gibson Girl
29.8%
Disney's Hotel Cheyenne
Chuck Wagon Café
29.8%
Disney Village
New York Style Sandwiches
28.5%
Disneyland Hotel
California Grill
27.7%
Toon Studio
Bistrot Chez Rémy
26.8%
Backlot
Disney Blockbuster Café
25.5%
Production Courtyard
Restaurant des Stars
23.8%
Disney's Hotel Santa Fé
La Cantina
21.3%
Disney's Newport Bay Club
Yacht Club
20.9%
Main Street USA
The Ice Cream Company
20.4%
Disney Village
La Grange at Billy Bob's Country Western Saloon
19.1%
Front Lot
Restaurant en Coulisse
18.3%
Disney's Hotel Santa Fé
Rio Grande Bar
18.3%
Disney's Hotel New York
Parkside Diner
17.9%
Main Street USA
Cookie Kitchen
15.7%
Main Street USA
The Coffee Grinder
15.3%
Disney's Hotel New York
New York City Bar
14.9%
Disney's Hotel Cheyenne
Red Garter Saloon
14%
Disney's Davy Crockett Ranch
Crockett's Saloon
13.6%
Golf Disneyland
Club-House Grill
13.2%
Disney's Davy Crockett Ranch
Crockett's Tavern
12.8%
Disney's Newport Bay Club
Captain's Quarters
11.9%
Disney's Sequoia Lodge
Redwood Bar and Lounge
11.1%
Backlot
Café des Cascadeurs
9.4%
Quiz Playlist
Details
Report
Send in Message
Add To Playlist
More Info:
Can you guess all of the restaurants in Disneyland Paris? Answers up to date in May 2016 and sourced from the official Disneyland Paris website.
Classic:
Type in answers that appear in a list
Quiz Source
Last Updated: Feb 16, 2017
Quiz Scoreboard
CHALLENGE
Sign Up to Join the Scoreboard
Show All
Scores
Hide
Comments
May contain spoilers
Recently Published
5x2 Blitz: Bands
by SL_Kpop136
Music
30s
Colored Red Africa Blitz
by spor1
Geography
30s
Find the 'City' Movie
by crazypaving
Movies
60s
More to Explore
Quiz From the Vault
Featured Blog Post
14 Easter Pick-up Lines to Find Eggs With
hide this ad
You Might Also Like...
Tags
Disneyland
paris
Today's Top Quizzes in Miscellaneous
Browse Miscellaneous
hide this ad
Today's Top Quizzes in Disneyland
Browse Disneyland
Top Contributed Quizzes in Miscellaneous
1
5-to-1: Fast Food
2
9x9 Crossword: Disney Movie Titles
3
9x9 Crossword: Charlie and the Chocolate Factory
4
9x9 Crossword: Halloween
5
The JOE quick-fire general knowledge quiz: Day 174
6
Picture Click Blitz: Airline Logos
7
9x9 Crossword: 2022 Movies
8
9x9 Crossword: Toy Story
9
9x9 Crossword: The Simpsons
10
random perfect cubes 1-30
Explore More
Trending Topics
Harry Potter
Marvel
Anime
NBA
Crossword
Kpop
Disney
Puzzle
Pokémon
Soccer
The Office
Country
WWE
NFL
Song
hide this ad
More By:
geoffDlp
Quiz
Plays
Rating
Category
Featured
Created
Disneyland Paris Restaurants
235
4.50
Miscellaneous
May 31, 2016
Go to Creator's Profile
Score Distribution
Quiz Creator Spotlight
geoffDlp
Follow
Send a Message
Quizzes Created
-
Created Quiz Play Count
-
More By This Creator
Popular Quizzes Today
1
Find the 'City' Movie
2
5x2 Blitz: Bands
3
Colored Red Africa Blitz
4
The Countries of the World
5
Find the US States - No Outlines Minefield
6
Find the US States
7
9x9 Crossword: Cartoon Network
8
US States
More Miscellaneous Quizzes
G-R-A-B Anything!
Editor's Pick
Trending Quizzes
Colored Red Africa Blitz II
Colored Red Europe Blitz I
Colored Red Africa Blitz III
Colored Red Europe Blitz II
Colored Red Europe Blitz III
Recently Updated
Champions League XIs: Real Madrid
pecheneg
Largest US Cities 1790-2010
pecheneg
Rides in Walt Disney World
pecheneg
Most Oscar Losses (Acting)
pecheneg
Beyoncé Albums
pecheneg
Leaping Animals
pecheneg
Reality TV Shows (A-Z)
bhenderson79
Rickey Henderson's Hall of Fame Teammates
pecheneg
Champions League XIs: Arsenal
pecheneg
Quick Pick: Celebrities in WWE's Hall of Fame
aduchscher
Trending Topics
Anime
Disney
Crossword
Kpop
Marvel
Harry Potter
NBA
Song
Soccer
Pokémon
Country
The Office
Puzzle
NFL
WWE
Your Account Isn't Verified!
In order to create a playlist on Sporcle, you need to verify the email address you used during registration. Go to your
Sporcle Settings
to finish the process.
Report this User
Report this user for behavior that violates our
Community Guidelines
.
Details:
Send Report
Go to the Sporcle.com Mobile Site →
Comments